02026cam a2200265 45000010008000000030009000080050017000170080041000340100017000750400018000920430021001100500021001310820016001521000040001682450069002082600042002773000034003193500036003535000054003895000092004435051127005356510019016626510032016817000047017134567974BDDh-ASL20231015030203.0740421m19731976ii b s 001 0 eng  a 73906132  aDLCcDLCdDLC aa-ii---aa-bg---00aDS485.B41bH923200a954.15bHUS1 aHunter, William Wilson,d1840-1900.12aA statistical account of Bengal. Volume-17 /c[by] W. W. Hunter. aDelhi,bD. K. Pub. Housec[1973-1976] a384 p.: bfold. maps.c22 cm. aRs100.00 ($20.00 U.S.) per vol. aVols. 11-20 have imprint: Delhi, Concept Pub. Co. aIncludes a reproduction of the t.p. of the 1875-77 ed., published by Trübner, London.0 av. 1. Districts of the 24 Parganas and Sundarbans.--v. 2. Districts of Nadia and Jessore.--v. 3. Districts of Midnapur and Hughli (including Howrah)--v. 4. Districts of Bardwan, Bankura, and Birbhum.--v. 5. Districts of Dacca, Bákarganj, Farídpur, and Maimansinh.--v. 6. Kisch, H. M. Chittagong Hill Tracts, Chittagong, Noákhálí. Tipperah, Hill Tipperah.--v. 7. Districts of Maldah, Rangpur, and Dinājpur.--v. 8. Districts of Rájsháhi and Bográ.--v. 9. Districts of Murshidábad and Pábná.--v. 10. Districts of Dárjíling and Jalpáiguri, and State of Kuch Behar.--v. 11. Districts of Patna and Saran.--v. 12. Districts of Gayá and Sháhábád.--v. 13. Tirhut and Champáran.--v. 14. Districts of Bhágalpur and the Santál Parganás.--v. 15. Districts of Monghyr and Purniah.--v. 16. Districts of Hazáribágh and Lohárdagá.--v. 17. Singbhum District, Tributary States of Chutia Nagpur, and Manbhum.--v. 18. District of Cuttack and Balasor.--v. 19. District of Puri and the Orissa Tributary States.--v. 20. Day, J., and others. Fisheries and Botany of Bengal, with general index. 0aBengal (India) 0aBengal (India)xStatistics.1 aKisch, Hermann Michael,d1850-1942,ecomp.